Gaming Quiz

Random Gaming Quiz
Score 0/28 Timer 15:00
0 Plays Today
Raid Answer % Correct
Onyxia's LairOnyxia
98%
Onyxia's LairOnyxia
98%
Magtheridon's LairMagtheridon
81.6%
The Eye of EternityMalygos
79.6%
Icecrown CitadelLord Marrowgar
73.5%
Tempest KeepAl'ar
71.4%
UlduarFlame Leviathan
71.4%
Sunwell PlateauKalecgos
67.3%
The Obsidian SanctumSartharion
61.2%
HighmaulKargath Bladefist
59.2%
The Ruby SanctumHalion
55.1%
Hellfire CitadelHellfire Assault
55.1%
Blackwing LairRazorgore the Untamed
53.1%
Trial of the CrusaderThe Northrend Beasts
53.1%
Raid Answer % Correct
Ahn'Qiraj TempleProphet Skeram
49%
Gruul's LairHigh King Maulgar
49%
Dragon SoulMorchok
49%
Siege of OrgrimmarImmerseus
49%
The Battle for Mount HyjalRage Winterchill
46.9%
Black TempleHigh Warlord Naj'entus
44.9%
Throne of ThunderJin'rokh the Breaker
42.9%
The Bastion of TwilightHalfus Wyrmbreaker
38.8%
Throne of the Four WindsConclave of Wind
38.8%
Serpentshrine CavernHydross the Unstable
36.7%
Ruins of Ahn'QirajKurinnaxx
34.7%
Mogu'shan VaultsThe Stone Guard
32.7%
Terrace of the Endless SpringProtectors of the Endless
26.5%
Heart of FearImperial Vizier Zor'lok
22.4%
Remove Ads.
Support Sporcle.
Get the best of Sporcle when you Go Orange. This ad-free experience offers more features, more stats, and more fun while also helping to support Sporcle. Thank you for becoming a member.

You're not logged in!

Compare scores with friends on all Sporcle quizzes.
OR
Log In

You Might Also Like...

Show Comments

Extras

Created Aug 5, 2016SourceReportNominate
Tags:raid, Wow

Top Quizzes Today


Score Distribution

Your Account Isn't Verified!

In order to create a playlist on Sporcle, you need to verify the email address you used during registration. Go to your Sporcle Settings to finish the process.

Report this User

Report this user for behavior that violates our Community Guidelines.

Details: